[Event "1 Open internacional Amic Hotel"]
[Site "Palma de Mallorca ESP"]
[Date "2015.03.28"]
[Round "8.3"]
[White "Kovchan, Alexander"]
[Black "Plaskett, H James"]
[Result "1-0"]
[WhiteElo "2576"]
[BlackElo "2445"]
[PlyCount "52"]
[EventDate "2015.03.22"]
[EventType "swiss"]
[EventRounds "9"]
[EventCountry "ESP"]
[Source "lmi"]
[SourceDate "2015.03.22"]

1. e4 d5 2. exd5 Qxd5 3. Nc3 Qd8 4. d4 Nf6 5. Bc4 c6 6. Nf3 Bf5 7. Ne5 e6 8. g4
Bg6 9. h4 Nbd7 10. f3 Qc7 11. Qe2 Nxe5 12. dxe5 Nd7 13. h5 Bxc2 14. Qxc2 Nxe5
15. Be2 Bc5 16. Ne4 Bb6 17. h6 f5 18. hxg7 Qxg7 19. Nd6+ Ke7 20. Bh6 Nxf3+ 21.
Bxf3 Qe5+ 22. Kf1 Kxd6 23. Rd1+ Kc7 24. Qd2 Qb5+ 25. Be2 Qe5 26. Qd7+ Kb8 1-0

[Event "1 Open internacional Amic Hotel"]
[Site "Palma de Mallorca ESP"]
[Date "2015.03.28"]
[Round "8.4"]
[White "Teske, Henrik"]
[Black "Munoz Pantoja, Miguel"]
[Result "0-1"]
[WhiteElo "2476"]
[BlackElo "2401"]
[PlyCount "120"]
[EventDate "2015.03.22"]
[EventType "swiss"]
[EventRounds "9"]
[EventCountry "ESP"]
[Source "lmi"]
[SourceDate "2015.03.22"]

1. e4 d5 2. exd5 Qxd5 3. Nc3 Qa5 4. Nf3 Nf6 5. d4 Bg4 6. h3 Bxf3 7. Qxf3 c6 8.
Bc4 e6 9. O-O Nbd7 10. Ne4 Nxe4 11. Qxe4 Nf6 12. Qf3 O-O-O 13. c3 Bd6 14. Rd1
Qh5 15. Qxh5 Nxh5 16. g3 Nf6 17. Kg2 Nd5 18. Kf3 Rhe8 19. Rd3 Bc7 20. Bb3 e5
21. dxe5 Rxe5 22. Kg2 Re1 23. Rd1 Rxd1 24. Bxd1 f5 25. Bc2 g6 26. Bg5 Re8 27.
Kf3 Bd8 28. Bd2 Bf6 29. Rd1 Bd8 30. Bh6 Nf6 31. g4 fxg4+ 32. hxg4 Nd7 33. Bf4
Bc7 34. Bxc7 Kxc7 35. Rh1 Re7 36. Bb3 Nc5 37. Bg8 Ne4 38. Kf4 h5 39. Rh2 hxg4
40. Bb3 Nc5 41. Bg8 Re4+ 42. Kg5 Nd3 43. b4 Rf4 44. Rh7+ Kb8 45. Be6 Rxf2 46.
Rh8+ Kc7 47. Rh7+ Kd6 48. Bxg4 Ne5 49. Bc8 Rxa2 50. Rxb7 Rc2 51. Rxa7 Rxc3 52.
Ra6 Rg3+ 53. Kf6 Rf3+ 54. Kg7 Kc7 55. Be6 Rf4 56. Ra4 g5 57. Bh3 g4 58. Bg2 Rf2
59. Be4 Re2 60. Bh1 g3 0-1

[Event "1 Open internacional Amic Hotel"]
[Site "Palma de Mallorca ESP"]
[Date "2015.03.28"]
[Round "8.5"]
[White "Skytte, Rasmus"]
[Black "Czakon, Jakub"]
[Result "1/2-1/2"]
[WhiteElo "2407"]
[BlackElo "2475"]
[PlyCount "67"]
[EventDate "2015.03.22"]
[EventType "swiss"]
[EventRounds "9"]
[EventCountry "ESP"]
[Source "lmi"]
[SourceDate "2015.03.22"]

1. d4 d5 2. Nf3 c6 3. c4 Nf6 4. Nc3 dxc4 5. a4 Bf5 6. e3 e6 7. Bxc4 Bb4 8. O-O
Nbd7 9. Qe2 O-O 10. h3 Ne4 11. Nxe4 Bxe4 12. Rd1 Qe7 13. b3 Nf6 14. Bb2 Rac8
15. Ne5 Bd5 16. Rac1 Ba3 17. Bxa3 Qxa3 18. Nd3 Qe7 19. Nf4 Rc7 20. Qb2 Rfc8 21.
Nd3 Be4 22. Nc5 Bg6 23. Be2 h6 24. Bf3 Nd5 25. b4 Qg5 26. Qb3 Bh5 27. Ne4 Qg6
28. Bxh5 Qxh5 29. Rd2 e5 30. Nd6 Rd8 31. dxe5 Qxe5 32. Rxd5 cxd5 33. Rxc7 Qxd6
34. Qc3 1/2-1/2

[Event "1 Open internacional Amic Hotel"]
[Site "Palma de Mallorca ESP"]
[Date "2015.03.28"]
[Round "8.6"]
[White "Smirnov, Artem"]
[Black "Pogorelov, Ruslan"]
[Result "1/2-1/2"]
[WhiteElo "2456"]
[BlackElo "2303"]
[PlyCount "32"]
[EventDate "2015.03.22"]
[EventType "swiss"]
[EventRounds "9"]
[EventCountry "ESP"]
[Source "lmi"]
[SourceDate "2015.03.22"]

1. d4 Nf6 2. Bg5 e6 3. e4 h6 4. Bxf6 Qxf6 5. c3 d6 6. Bd3 g5 7. Ne2 Nc6 8. O-O
Bd7 9. f4 gxf4 10. Nxf4 Qg5 11. Qf3 Be7 12. b4 O-O-O 13. Na3 Qh4 14. Qf2 Qxf2+
15. Rxf2 Rdg8 16. Rd2 Rg7 1/2-1/2

[Event "1 Open internacional Amic Hotel"]
[Site "Palma de Mallorca ESP"]
[Date "2015.03.28"]
[Round "8.7"]
[White "Ochsner, Bjorn Moller"]
[Black "Blechzin, Igor"]
[Result "1-0"]
[WhiteElo "2359"]
[BlackElo "2354"]
[PlyCount "53"]
[EventDate "2015.03.22"]
[EventType "swiss"]
[EventRounds "9"]
[EventCountry "ESP"]
[Source "lmi"]
[SourceDate "2015.03.22"]

1. e4 c5 2. Nf3 d6 3. d4 cxd4 4. Nxd4 Nf6 5. Nc3 g6 6. Be3 Bg7 7. f3 Nc6 8. Qd2
O-O 9. O-O-O Bd7 10. Kb1 Ne5 11. h4 Rc8 12. Bh6 Bh8 13. Bxf8 Kxf8 14. h5 Nxh5
15. g4 Nxf3 16. Nxf3 Bxg4 17. Qg2 Rxc3 18. Qxg4 Nf6 19. Qf4 Qb6 20. e5 Nh5 21.
Rxh5 gxh5 22. Ng5 f6 23. exf6 exf6 24. Nxh7+ Ke7 25. Qe4+ Kd7 26. Nf8+ Kd8 27.
Qe6 1-0

[Event "1 Open internacional Amic Hotel"]
[Site "Palma de Mallorca ESP"]
[Date "2015.03.28"]
[Round "8.8"]
[White "Ponce Cano, Adrian"]
[Black "Stopa, Jacek"]
[Result "1/2-1/2"]
[WhiteElo "2122"]
[BlackElo "2544"]
[PlyCount "55"]
[EventDate "2015.03.22"]
[EventType "swiss"]
[EventRounds "9"]
[EventCountry "ESP"]
[Source "lmi"]
[SourceDate "2015.03.22"]

1. e4 d6 2. d3 g6 3. g3 Bg7 4. Bg2 c5 5. Ne2 Nf6 6. c3 O-O 7. O-O Nc6 8. Na3
Rb8 9. d4 Nd7 10. Be3 Re8 11. Qd2 cxd4 12. cxd4 Nb6 13. d5 Ne5 14. Rac1 Bh3 15.
f4 Bxg2 16. Kxg2 Ng4 17. Bd4 Bxd4 18. Qxd4 Qd7 19. Nc3 Rbc8 20. Rfe1 e5 21.
dxe6 Rxe6 22. Rcd1 f5 23. exf5 gxf5 24. b3 Nf6 25. Rxe6 Qxe6 26. Qxd6 Qxd6 27.
Rxd6 Kf7 28. Rd3 1/2-1/2

[Event "1 Open internacional Amic Hotel"]
[Site "Palma de Mallorca ESP"]
[Date "2015.03.28"]
[Round "8.9"]
[White "Baches Garcia, Guillermo"]
[Black "Starostits, Ilmars"]
[Result "1/2-1/2"]
[WhiteElo "2381"]
[BlackElo "2453"]
[PlyCount "21"]
[EventDate "2015.03.22"]
[EventType "swiss"]
[EventRounds "9"]
[EventCountry "ESP"]
[Source "lmi"]
[SourceDate "2015.03.22"]

1. e4 c6 2. d4 d5 3. e5 Bf5 4. Be3 e6 5. Nd2 Nd7 6. Be2 Ne7 7. Ngf3 Bg6 8. Nh4
c5 9. c3 Nf5 10. Nxf5 Bxf5 11. O-O 1/2-1/2

[Event "1 Open internacional Amic Hotel"]
[Site "Palma de Mallorca ESP"]
[Date "2015.03.28"]
[Round "8.10"]
[White "Abergel, Thal"]
[Black "Giemsa, Stephan"]
[Result "1-0"]
[WhiteElo "2425"]
[BlackElo "2328"]
[PlyCount "103"]
[EventDate "2015.03.22"]
[EventType "swiss"]
[EventRounds "9"]
[EventCountry "ESP"]
[Source "lmi"]
[SourceDate "2015.03.22"]

1. e4 e6 2. d4 d5 3. Nc3 dxe4 4. Nxe4 Nd7 5. Nf3 Ngf6 6. Nxf6+ Nxf6 7. Bg5 h6
8. Be3 Bd6 9. Bd3 O-O 10. Qe2 b6 11. O-O-O Bb7 12. Ne5 Nd5 13. Bd2 Qh4 14. Nf3
Qe7 15. Qe4 f5 16. Qe2 Nf4 17. Bxf4 Bxf4+ 18. Kb1 Bd6 19. Rhe1 Rae8 20. g3 Bxf3
21. Qxf3 Qf6 22. Bb5 Re7 23. Qb3 Kh8 24. f4 c5 25. dxc5 Bxc5 26. Qc4 e5 27.
fxe5 Rxe5 28. Rxe5 Qxe5 29. a3 a5 30. Qb3 Qe3 31. Bd3 Qe5 32. Rf1 h5 33. Qa4 g6
34. Qd7 Qd6 35. Qb7 Qe7 36. Qg2 Bd4 37. h3 Kg7 38. c3 Bc5 39. Bc2 Qg5 40. Rd1
h4 41. Qb7+ Rf7 42. gxh4 Qxh4 43. Qg2 Rf8 44. Rd7+ Rf7 45. Rd8 Rf8 46. Qb7+ Rf7
47. Qd5 Qe1+ 48. Ka2 Qe7 49. Bb3 f4 50. Qxf7+ Qxf7 51. Bxf7 Kxf7 52. Kb3 1-0

[Event "1 Open internacional Amic Hotel"]
[Site "Palma de Mallorca ESP"]
[Date "2015.03.28"]
[Round "8.11"]
[White "Guerra Bastida, Diego"]
[Black "Sylvan, Jacob"]
[Result "1/2-1/2"]
[WhiteElo "2324"]
[BlackElo "2321"]
[PlyCount "21"]
[EventDate "2015.03.22"]
[EventType "swiss"]
[EventRounds "9"]
[EventCountry "ESP"]
[Source "lmi"]
[SourceDate "2015.03.22"]

1. Nf3 Nf6 2. d4 g6 3. c4 Bg7 4. Nc3 O-O 5. e4 d6 6. h3 e5 7. d5 a5 8. Bg5 Na6
9. Nd2 Qe8 10. Be2 Nc5 11. g4 1/2-1/2

[Event "1 Open internacional Amic Hotel"]
[Site "Palma de Mallorca ESP"]
[Date "2015.03.29"]
[Round "9.1"]
[White "Fedorchuk, Sergey A"]
[Black "Munoz Pantoja, Miguel"]
[Result "1-0"]
[WhiteElo "2650"]
[BlackElo "2401"]
[PlyCount "64"]
[EventDate "2015.03.22"]
[EventType "swiss"]
[EventRounds "9"]
[EventCountry "ESP"]
[Source "lmi"]
[SourceDate "2015.03.22"]

1. e4 d5 2. exd5 Qxd5 3. Nc3 Qa5 4. d4 Nf6 5. Bd2 Qb6 6. Nf3 Bg4 7. h3 Bxf3 8.
Qxf3 Nc6 9. Bb5 O-O-O 10. Bxc6 Qxc6 11. Qxc6 bxc6 12. Be3 e6 13. O-O-O Nd5 14.
Ne4 Nxe3 15. fxe3 Be7 16. Rd3 f5 17. Nd2 c5 18. Nf3 cxd4 19. exd4 Bf6 20. Re1
Rhe8 21. b4 Kb7 22. Kb2 a5 23. a3 axb4 24. axb4 g5 25. c3 e5 26. Rde3 e4 27.
Nd2 c5 28. bxc5 Kc6 29. Rf1 Be5 30. Rxf5 Bf4 31. Re2 Bxd2 32. Rxd2 Ra8 1-0

[Event "1 Open internacional Amic Hotel"]
[Site "Palma de Mallorca ESP"]
[Date "2015.03.29"]
[Round "9.2"]
[White "Kovchan, Alexander"]
[Black "Ochsner, Bjorn Moller"]
[Result "1-0"]
[WhiteElo "2576"]
[BlackElo "2359"]
[PlyCount "79"]
[EventDate "2015.03.22"]
[EventType "swiss"]
[EventRounds "9"]
[EventCountry "ESP"]
[Source "lmi"]
[SourceDate "2015.03.22"]

1. e4 c5 2. Nf3 d6 3. d4 cxd4 4. Nxd4 Nf6 5. Nc3 a6 6. Be2 e5 7. Nb3 Be7 8. O-O
O-O 9. Be3 Be6 10. Qd2 Nc6 11. Rfd1 a5 12. a3 a4 13. Nc1 Qa5 14. f3 Rfc8 15.
Kh1 h6 16. N1a2 Ne8 17. Bf1 Bf6 18. Qf2 Nd4 19. Nb4 Qd8 20. Bxd4 exd4 21. Nb5
d3 22. c3 Ra5 23. Bxd3 Bb3 24. Rd2 Bh4 25. g3 Bg5 26. f4 Be7 27. Nd4 Nf6 28.
Nxb3 axb3 29. e5 dxe5 30. Bf5 Qc7 31. Bxc8 Ne4 32. Qg2 Nxd2 33. Nd5 Qd6 34.
Nxe7+ Qxe7 35. Qxd2 exf4 36. Qxf4 Re5 37. Bg4 h5 38. Bf3 g5 39. Qd4 g4 40. Bd5
1-0

[Event "1 Open internacional Amic Hotel"]
[Site "Palma de Mallorca ESP"]
[Date "2015.03.29"]
[Round "9.4"]
[White "Smirnov, Artem"]
[Black "Del Rio De Angelis, Salvador G"]
[Result "0-1"]
[WhiteElo "2456"]
[BlackElo "2519"]
[PlyCount "97"]
[EventDate "2015.03.22"]
[EventType "swiss"]
[EventRounds "9"]
[EventCountry "ESP"]
[Source "lmi"]
[SourceDate "2015.03.22"]

1. d4 e6 2. c4 Bb4+ 3. Nc3 Nf6 4. e3 d5 5. Qa4+ Nc6 6. Nf3 O-O 7. Qc2 Re8 8.
Bd2 e5 9. dxe5 Nxe5 10. cxd5 Nxf3+ 11. gxf3 Bxc3 12. Bxc3 Qxd5 13. Rg1 Bf5 14.
Qa4 Bg6 15. Rd1 Qxf3 16. Rg3 Qf5 17. Bd3 Ne4 18. Bxe4 Qxe4 19. Qxe4 Rxe4 20.
Rd7 Rc8 21. f4 Kf8 22. Kf2 f6 23. Rg1 Re7 24. Rd5 c5 25. b4 b6 26. bxc5 Rxc5
27. Rxc5 bxc5 28. Rd1 Rc7 29. Rd2 Be4 30. Rd6 Ke7 31. Ra6 Rb7 32. Ra4 Bc6 33.
Ra5 Kd6 34. Ra6 Re7 35. Ra5 Rb7 36. Ra6 f5 37. Ra5 Kd5 38. Ra6 Bb5 39. Ra3 Bc4
40. Ra5 a6 41. Bd4 Rb5 42. Rxb5 axb5 43. Bxg7 Bxa2 44. Ke2 Bb1 45. Bf8 b4 46.
Kd2 Kc4 47. Kc1 Be4 48. h4 Kb5 49. h5 0-1

[Event "1 Open internacional Amic Hotel"]
[Site "Palma de Mallorca ESP"]
[Date "2015.03.29"]
[Round "9.6"]
[White "Starostits, Ilmars"]
[Black "Skytte, Rasmus"]
[Result "1/2-1/2"]
[WhiteElo "2453"]
[BlackElo "2407"]
[PlyCount "34"]
[EventDate "2015.03.22"]
[EventType "swiss"]
[EventRounds "9"]
[EventCountry "ESP"]
[Source "lmi"]
[SourceDate "2015.03.22"]

1. e4 c5 2. Nc3 e6 3. Nf3 Nc6 4. Bb5 Nd4 5. Nxd4 cxd4 6. Ne2 Qg5 7. Bd3 Qxg2 8.
Rg1 Qxh2 9. c3 Ne7 10. cxd4 Ng6 11. Qb3 Be7 12. Bc4 O-O 13. a3 a6 14. a4 d5 15.
exd5 exd5 16. Bxd5 Qd6 17. Be4 Be6 1/2-1/2

[Event "1 Open internacional Amic Hotel"]
[Site "Palma de Mallorca ESP"]
[Date "2015.03.29"]
[Round "9.9"]
[White "Plaskett, H James"]
[Black "Rindlisbacher, Jan"]
[Result "1-0"]
[WhiteElo "2445"]
[BlackElo "2188"]
[PlyCount "59"]
[EventDate "2015.03.22"]
[EventType "swiss"]
[EventRounds "9"]
[EventCountry "ESP"]
[Source "lmi"]
[SourceDate "2015.03.22"]

1. d4 Nf6 2. Bg5 d5 3. Bxf6 exf6 4. e3 Be6 5. Bd3 Bd6 6. Nd2 f5 7. c4 dxc4 8.
Bxc4 Bxc4 9. Nxc4 Bb4+ 10. Ke2 O-O 11. Qb3 Nc6 12. Nf3 Re8 13. a3 Bf8 14. Rhd1
Qd5 15. Kf1 f4 16. exf4 Rad8 17. Qd3 Na5 18. Ne3 Qe4 19. b4 Nc6 20. Qxe4 Rxe4
21. d5 Nb8 22. Rac1 Bd6 23. g3 a5 24. bxa5 Ra4 25. Rb1 Rxa5 26. Rxb7 Rxa3 27.
Nd4 Rc3 28. Ra1 c6 29. Nef5 Ba3 30. Rab1 1-0